Ulkomaankauppa 1986

Enregistré dans:
Détails bibliographiques
Format: Livre
Langue:finnois
Publié: Helsinki Suomen virallinen tilasto 1988
Édition:1. ed.
Tags: Ajouter un tag
Pas de tags, Soyez le premier à ajouter un tag!

MARC

LEADER 00000nam a2200000 4500
001 c037718
005 20251203141545.1
041 0 |a fin 
044 |a FI 
245 1 0 |a Ulkomaankauppa 1986 
250 |a 1. ed. 
264 1 |a Helsinki  |b Suomen virallinen tilasto  |c 1988 
300 |a 171 s.